Khảo sát khả năng kháng oxy hóa và kháng khuẩn của cao chiết lá Bình Bát nước (Annona glabra L.) : Luận văn tốt nghiệp Cao học. Chuyên ngành Công nghệ Sinh học

Nghiên cứu nhằm mục tiêu đánh giá được sự hiện diện của các nhóm hợp chất thực vật quan trọng, hàm lượng phenol tổng, saponin tổng, khả năng khử các gốc tự do (DPPH, H2O2, ion Fe3+) và khả năng kháng các dòng vi khuẩn Escherichia coli, Erwinia c...

詳細記述

保存先:
書誌詳細
第一著者: Lương, Phong Dũ
フォーマット: 図書
言語:Undetermined
出版事項: Cần Thơ Trường Đại học Cần Thơ 2019
主題:
タグ: タグ追加
タグなし, このレコードへの初めてのタグを付けませんか!
Thư viện lưu trữ: Trung tâm Học liệu Trường Đại học Cần Thơ
LEADER 01329nam a2200217Ia 4500
001 CTU_231602
008 210402s9999 xx 000 0 und d
082 |a 615.321 
082 |b D500 
088 |a 8420201 
100 |a Lương, Phong Dũ 
245 0 |a Khảo sát khả năng kháng oxy hóa và kháng khuẩn của cao chiết lá Bình Bát nước (Annona glabra L.) : 
245 0 |b Luận văn tốt nghiệp Cao học. Chuyên ngành Công nghệ Sinh học 
245 0 |c Lương Phong Dũ ; Nguyễn Đức Độ (Cán bộ hướng dẫn) 
260 |a Cần Thơ 
260 |b Trường Đại học Cần Thơ 
260 |c 2019 
520 |a Nghiên cứu nhằm mục tiêu đánh giá được sự hiện diện của các nhóm hợp chất thực vật quan trọng, hàm lượng phenol tổng, saponin tổng, khả năng khử các gốc tự do (DPPH, H2O2, ion Fe3+) và khả năng kháng các dòng vi khuẩn Escherichia coli, Erwinia carotovora, Klebsiella variicola và Staphylococcus aureus của cao chiết từ lá Bình Bát nước. 
650 |a Medicinal plants,Cây dược liệu 
910 |b nthai 
980 |a Trung tâm Học liệu Trường Đại học Cần Thơ